Leer en voz alta en la educación inicial: Una experiencia estética que estrecha los lazos entre el niño y familia. / [Documento Digital]

保存先:
書誌詳細
第一著者: Ramos, Gloria Stella
団体著者: Pérez Abril, Mauricio
その他の著者: Roa Casas, Catalina
フォーマット: 図書
言語:Spanish
出版事項: Bogotá: Instituto para el Desarrollo Educativo y el Desarrollo Pedagógico, IDEP, 2009.
シリーズ:Serie La sistematización como investigación un camino para transformar la enseñanza.
主題:
オンライン・アクセス:Para acceder al PDF haga clic aquí
タグ: タグ追加
タグなし, このレコードへの初めてのタグを付けませんか!

MARC

LEADER 00000nam a22000007a 4500
003 OSt
005 20181012091353.0
008 170913b2009 ck ||||| |||| 00| 0 spa d
999 |c 5468  |d 5468 
020 |a 9789587163476 
040 |c CNA-IDEP 
082 |a 372.43  |b R175l 
100 1 |9 4518  |a Ramos, Gloria Stella 
245 1 o |a Leer en voz alta en la educación inicial:  |b Una experiencia estética que estrecha los lazos entre el niño y familia. / [Documento Digital]  |c Gloria Stella Ramos, Catalina Roa Casas, Mauricio Pérez Abril. 
260 |a Bogotá:  |b Instituto para el Desarrollo Educativo y el Desarrollo Pedagógico, IDEP,  |c 2009. 
300 |a 71 p.:  |b Ilsutraciones, gráficos, tablas; 
440 |a Serie La sistematización como investigación un camino para transformar la enseñanza.  |9 4506 
504 |a Contiene referencias bibliográficas.y Anexos. 
650 1 0 |9 1973  |a Enseñanza de la lectura 
650 0 |9 1037  |a Educación primaria. 
650 0 |9 1239  |a Educación en familia. 
700 1 |9 4496  |a Roa Casas, Catalina 
710 1 |9 4522  |a Pérez Abril, Mauricio 
856 |u http://biblioteca.idep.edu.co/libros/Leer_en_voz_alta_en_la_educacion_inicial.pdf  |y Para acceder al PDF haga clic aquí 
942 |2 ddc  |c BK